Quiz des Ratus #1 : Nintendo - Statistiques

Statistiques générales
  • Ce quiz a été pris 68 fois
  • Le résultat moyen est 15 sur 50
Statistiques - réponses
Questions Réponses % Correct
Quel est le nom de cette princesse portant une robe orange la plupart du temps, qui règne sur le Royaume de Sarasaland et qui est connu pour parler très fort dans beaucoup de jeux Mario ? Daisy
98%
Citez un type qui est représenté par un/une Champion/Championne d'Arène dans Pokémon Rouge/Bleu/Vert ! Roche / Eau / Electrik / Plante / Poison / Psy / Feu / Sol
80%
Citez une des trois couleurs des virus dans Dr. Mario sur NES ! Rouge / Bleu / Jaune
74%
Combien y'a-t-il de plateaux dans Mario Party 8 ? 6
62%
Dans le tout premier The Legend of Zelda (celui de 1986), qui est le boss final ? Ganon
60%
Combien y a-t-il de mondes dans Super Mario Land ? 4
54%
En ne prenant que les personnages que l'on voit à la fin de la Ligue, combien y’a-t-il de Maîtresse de la Ligue dans les jeux principaux Pokémon ? 4
54%
Citez un personnage qui a fait sa première apparition jouable dans la série des Mario Kart avec Mario Kart Wii ! Bébé Peach / Bébé Daisy / Harmonie / Funky Kong / Bowser Skelet / Mii
54%
Quel est le nom du dernier jeu Animal Crossing sorti sur Switch 1 ? Animal Crossing New Horizons
52%
Dans l’univers de Zelda, dans quelle tribu il est dit qu’un homme naît tous les 100 ans ? La tribu des Gerudo
52%
Quel mécanique est apparue dans Pokémon X/Y, et est revenue dans Pokémon Légéndes Z-A ? La Méga-Evolution
50%
Dans les Kid Icarus, comment s’appelle la déesse de la lumière qui guide Pit ? Palutena
50%
Combien y'a-t-il de niveaux dans le mode Mission de Mario Kart DS ? 7
48%
Dans Mario Kart World, un objet permet de débloquer certains personnages mais également de placer des ennemis en tête de course. Quel est cet item ? Kamek
42%
Quel est le premier Mario Party qui est sorti sur Gamecube ? Mario Party 4
42%
Donnez moi le nom du protagoniste principal de Pikmin ! Olimar
42%
Comment s’appelle ce dragon violet, grand antagoniste de la plupart des jeux Metroid ? Ridley
40%
Sur quelle console est sorti le premier jeu WarioWare ? GBA (GameBoy Advance)
38%
Quel personnage de ARMS a été ajouté en tant que personnage jouable dans Super Smash Bros Ultimate ? Min Min
36%
Citez un personnage de Super Smash Bros 4 (Wii U/3DS) apparu dans ce jeu en DLC ! Mewtwo / Lucas / Roy / Corrin / Ryu / Cloud / Bayonetta
34%
Dans quel jeu est apparu pour la première fois la technique, aujourd’hui bien connue, du triple saut de Mario ? Super Mario 64
34%
Sur quelle console est sorti pour la première fois WarioWare Smooth Moves ? Wii
32%
Comment s’appelle le jeu de course Kirby sorti sur Gamecube et dont la suite sortira sur Switch 2 cette année ? Kirby Air Ride
28%
Hormis Mario, Peach, Luigi, Toad Bleu et Capitaine Toad, qui peut-on jouer dans Super Mario 3D World ? Harmonie
22%
Avec Conker, quel autre personnage de Rare est apparu dans Diddy Kong Racing avant d’apparaître dans sa propre série ? Banjo
18%
Dans Fire Emblem Three Houses, quel personnage le/la joueur/joueuse incarne-t-il/elle ? Byleth
18%
Pour quels jeux Pokémon le site IGN avait mis la note de 7.8, accompagnée du fameux “Too much water” ? Pokémon Rubis Oméga / Pokémon Saphir Alpha
18%
Comment s'appelle le boss final du mode solo de Super Smash Bros Brawl ? Tabbou
18%
Comment s'appelle la présidente de la Fondation Aether dans Pokémon Soleil/Lune et Pokémon Ultra-Soleil/Ultra-Lune ? Elsa-Mina
16%
Comment s’appelle le professeur qui aide Luigi dans les Luigi’s Mansion ? Karl Tastroff
16%
En quel personnage se transforme Toadette quand elle utilise une Super Couronne ? Peachette
16%
Dans le Zelda CDI The Faces of Evil, complétez cette phrase de Gwonam : “Il est écrit…” "Seul Link peut vaincre Ganon !"
16%
Dans quel jeu Donkey Kong, King K.Rool se fait-il appeler le Baron K.Roolenstein ? Donkey Kong Country 3
14%
Dans quel jeu Daisy a-t-elle pu être jouable pour la première fois ? Mario Tennis sur N64
14%
Comment s’appelle la zone du tout début dans Zelda The Wind Waker ? Ile de l'Aurore
12%
Donnez-moi le nom des Calamazones ! Ayo & Oly
10%
Dans Zelda Majora’s Mask, quel est le nom de la toute première ville ? Bourg-Clocher
10%
Dans Pokémon Diamant/Perle/Platine, quel personnage a dit ceci : "Oh... ? Quel magnifique piano. J'adore le son du piano. Je savoure chaque note avec tout mon être. Pas seulement mes oreilles, mais mon esprit aussi... Hé, hé, j'ai des frissons rien que d'en parler." Cynthia
10%
Quelle phrase iconique concernant une option de mouvement est prononcée par Peppy dans Star Fox 64 ? Do a barrel roll !
10%
Dans quel jeu F-Zero trouve-t-on, à quelques modifications près, la Route Arc-en-ciel de Mario Kart 64 ? F-Zero X
10%
Mr. EAD, un personnage apparu pour la première fois dans F-Zero X, possède énormément de points communs avec un personnage très connu de Nintendo. Quel est ce personnage ? Mario
10%
Dans Pokémon Légendes Arceus, Marcia ressemble énormément à un autre personnage de la série Pokémon. Quel est ce personnage ? Mars
10%
Dans quel jeu Fire Emblem peut-on entendre pour la première fois la musique “Lost in Thoughts All Alone” ? Fire Emblem Fates
8%
Comment s'appellent les envahisseurs aliens violets de Mario et Luigi Les Frères du Temps ? Les Xhampis
8%
Quel jeu est sorti le 22 Mars 2024 avec Peach en personnage principal ? Princess Peach: Showtime!
8%
Sans compter Flora Piranha et le Roi Boo, quels sont les deux personnages à pouvoir utiliser la Bob-omb dans Mario Kart Double Dash ? Wario & Waluigi
8%
Quelle ville de l’univers de Splatoon sert de hub général à Splatoon 1 et 2 ? Chromapolis
6%
Pouvez vous me donner le nom du vaisseau de Meta Knight dans les jeux Kirby ? Halberd
6%
Comment s’appelle le royaume dans lequel se passe la majorité de Mario & Luigi Superstar Saga ? Végésia
6%
Quel est le Pokémon n°428 ? Lockpin
4%
Aucun quiz correspondant
Distribution des résultats
% des personnes avec chaque résultat
Percentile par nombre de réponses
Votre historique - résultats
Vous n’avez pas pris ce quiz